Riešenie rizík podvodov v európskych štrukturálnych a investičných fondoch v podmienkach SR diplomová práca

Gespeichert in:
Bibliographische Detailangaben
1. Verfasser: Nešťáková, Simona
Körperschaft: Národohospodárska fakulta EU. Katedra financií
Weitere Verfasser: Beličková, Kornélia, 1966-
Format: Buch
Sprache:Slowakisch
Veröffentlicht: Bratislava 2024
Tags: Tag hinzufügen
Keine Tags, Fügen Sie das erste Tag hinzu!

MARC

LEADER 00000nbm a2200000 4500
001 0300639
005 20241031133118.6
041 0 |a slo 
044 |a SK 
245 1 0 |a Riešenie rizík podvodov v európskych štrukturálnych a investičných fondoch v podmienkach SR  |b diplomová práca  |c Simona Nešťáková ; školiteľ: Kornélia Beličková 
264 1 |a Bratislava  |c 2024 
300 |a 76 s. 
100 1 |a Nešťáková, Simona 
700 1 |a Beličková, Kornélia, 1966- 
710 2 |a Národohospodárska fakulta EU. Katedra financií